00385pab a2200145 454500008004000000100002000040245008500060260000900145300001500154362000800169650001200177650001500189700001900204773001600223180718b2011 xxu||||| |||| 00| 0 eng d aLee, Kyoung Hag aFactors influencing the general well-being of low-income Korean immigrant elders c2011 ap.269-279. aJul aElderly aImmigrants aYoon, Dong Pil aSocial Work